| 000 | 00553cam a22002053a 4500 | ||
|---|---|---|---|
| 001 | 45839 | ||
| 003 | PGUSA | ||
| 005 | 20140828084051.0 | ||
| 008 | 140530s2014||||xxu|||||s|||||000 | eng d | ||
| 040 |
_aPGUSA _beng |
||
| 042 | _adc | ||
| 100 | 1 |
_aStoker, Bram, _d1847-1912 |
|
| 245 | 1 | 0 |
_aDracula _h[electronic resource] / _cBram Stoker |
| 260 |
_bProject Gutenberg, _c2014 |
||
| 506 | _aPublic domain in the USA. | ||
| 516 | _aElectronic text | ||
| 830 | 0 |
_aProject Gutenberg _v45839 |
|
| 856 | 4 | 0 | _uhttp://www.gutenberg.org/ebooks/45839 |
| 942 | _cEB | ||
| 999 |
_c275089 _d275089 |
||